000 00703nam a22002057a 4500
005 20240710120620.0
010 _aENG-140831
020 _a9789356064751
_c799.00
035 _aEN-124363
037 _bDBAD
082 _22
_a515.076
100 _aDas, P. Sivaramakrishna
_968354
245 _aEngineering Mathematics-II/
_cBy P. Sivaramakrishna Das [and] C Vijayakumari
250 _a2
260 _aNoida
_bPearson India Education
_c2022
270 _a15th floor, Tower- B, World Trade Tower, plot No.1, Block -C, Sector-16, Noida,
_bUttar Pradesh
_e201301
300 _avpp.
_c23cm(pbk)
_bIndex
700 _aVijayakumari, C
_eAuthor
_968226
942 _2ddc
_cEN
_h515.076
_mDAS
_e2
999 _c204009
_d204009